Terremoto/ (Record no. 3784)

MARC details
000 -LEADER
campo de control de longitud fija 01446nam a22004097a 4500
003 - IDENTIFICADOR DE NÚMERO DE CONTROL
campo de control OSt
005 - FECHA Y HORA DE LA ÚLTIMA TRANSACCIÓN
campo de control 20230531155343.0
008 - DATOS DE LONGITUD FIJA--INFORMACIÓN GENERAL
campo de control de longitud fija 221006b |||||||| |||| 00| 0 eng d
022 ## - NÚMERO INTERNACIONAL NORMALIZADO PARA PUBLICACIONES SERIADAS
Número Internacional Normalizado para Publicaciones Seriadas 978-2-940524-59-4
040 ## - FUENTE DE CATALOGACIÓN
Centro/agencia transcriptor Biblioteca Lado V
082 ## - NÚMERO DE LA CLASIFICACIÓN DECIMAL DEWEY
Número de clasificación 709.05
Número de ítem V152t
100 ## - ENTRADA PRINCIPAL--NOMBRE DE PERSONA
9 (RLIN) 840
Nombre de persona Valencia, Natalia
Término indicativo de función/relación editora
245 ## - MENCIÓN DEL TÍTULO
Título Terremoto/
Resto del título Fayuquerxs/
260 ## - PUBLICACIÓN, DISTRIBUCIÓN, ETC.
Lugar de publicación, distribución, etc. Mexico
Nombre del editor, distribuidor, etc. Museo Jumex
Fecha de publicación, distribución, etc. 2017
300 ## - DESCRIPCIÓN FÍSICA
Dimensiones 22x34cm
Extensión 96p.
366 ## - INFORMACIÓN SOBRE DISPONIBILIDAD COMERCIAL
Nota eng
366 ## - INFORMACIÓN SOBRE DISPONIBILIDAD COMERCIAL
Nota spa
490 ## - MENCIÓN DE SERIE
Mención de serie 8
Designación de volumen o secuencia 2017
505 ## - NOTA DE CONTENIDO CON FORMATO
Nota de contenido con formato El valor de la rabia
505 ## - NOTA DE CONTENIDO CON FORMATO
Nota de contenido con formato La vanidad de ser producto
505 ## - NOTA DE CONTENIDO CON FORMATO
Nota de contenido con formato Sobre la supervivencia de las imágenes
505 ## - NOTA DE CONTENIDO CON FORMATO
Nota de contenido con formato Aprenda a babear
505 ## - NOTA DE CONTENIDO CON FORMATO
Nota de contenido con formato Resistencia tangencial
505 ## - NOTA DE CONTENIDO CON FORMATO
Nota de contenido con formato Un acto de construcción
505 ## - NOTA DE CONTENIDO CON FORMATO
Nota de contenido con formato Nueva burguesa inmigrante latina que aprendió a ir de compras y tiene buen gusto
505 ## - NOTA DE CONTENIDO CON FORMATO
Nota de contenido con formato Lapusiroumaana. Del valor de soñar y conversar
505 ## - NOTA DE CONTENIDO CON FORMATO
Nota de contenido con formato Lo quieto, lo turbio
505 ## - NOTA DE CONTENIDO CON FORMATO
Nota de contenido con formato Zonas de silencio
505 ## - NOTA DE CONTENIDO CON FORMATO
Nota de contenido con formato Sortilegios para escuchar
505 ## - NOTA DE CONTENIDO CON FORMATO
Nota de contenido con formato Nuevas perspectivas políticas de la abstracción
650 ## - PUNTO DE ACCESO ADICIONAL DE MATERIA--TÉRMINO DE MATERIA
Fuente del encabezamiento o término Tesauro de Arte & Arquitectura
Término de materia o nombre geográfico como elemento de entrada ARTE
9 (RLIN) 703
650 ## - PUNTO DE ACCESO ADICIONAL DE MATERIA--TÉRMINO DE MATERIA
Fuente del encabezamiento o término Tesauro de Arte & Arquitectura
Término de materia o nombre geográfico como elemento de entrada EXPOSICIONES
9 (RLIN) 702
650 ## - PUNTO DE ACCESO ADICIONAL DE MATERIA--TÉRMINO DE MATERIA
Fuente del encabezamiento o término Tesauro de Arte & Arquitectura
Término de materia o nombre geográfico como elemento de entrada ARTE CONTEMPORANEO
9 (RLIN) 702
650 ## - PUNTO DE ACCESO ADICIONAL DE MATERIA--TÉRMINO DE MATERIA
Fuente del encabezamiento o término Tesauro de Arte & Arquitectura
Término de materia o nombre geográfico como elemento de entrada ARTE AMERICANO
650 ## - PUNTO DE ACCESO ADICIONAL DE MATERIA--TÉRMINO DE MATERIA
Fuente del encabezamiento o término Tesauro de Arte & Arquitectura
Término de materia o nombre geográfico como elemento de entrada INGLES
942 ## - ELEMENTOS DE ENTRADA SECUNDARIOS (KOHA)
Fuente del sistema de clasificación o colocación Clasificación Decimal Dewey
Tipo de ítem Koha Libros
Parte de la signatura que corresponde a la clasificación (Parte de la clasificación) 709.05
Parte de la signatura que identifica el ejemplar (Parte del ítem) V152t
Suprimir en OPAC No
Holdings
Estatus retirado Estado de pérdida Fuente del sistema de clasificación o colocación Especificación de materiales (volumen encuadernado u otra parte) Estado de daño No para préstamo Colección Biblioteca de origen Biblioteca actual Fecha de adquisición Enumeración/cronología de publicación seriada Número de inventario Total de préstamos Signatura topográfica completa Código de barras Visto por última vez Precio de reemplazo Tipo de ítem Koha
    Clasificación Decimal Dewey 2017     Revistas Biblioteca LadoV Biblioteca LadoV 31/05/2023 8 002845   709.05 V152t 002845 31/05/2023 31/05/2023 Libros